Design and control of asphalt mixtures /

Bibliographic Details
Main Author: Lovering, W. R.
Other Authors: Matthews, James
Format: Book
Language:English
Published: Berkeley : Institute of Transportation Studies, University of California, 1978.
Series:Course notes (University of California, Berkeley. Institute of Transportation Studies) ; UCB-ITS-CN-78-3.
Subjects:

MARC

Tag First Indicator Second Indicator Subfields
LEADER 00000cam a2200000 a 4500
001 in00000071047
005 20151008062029.0
008 800528s1978 cauad b 00010 eng d
035 |a (OCoLC)06367358 
035 |9 AAJ9369AM 
040 |a CBT  |c CBT  |d m.c.  |d TXA  |d UtOrBLW 
049 |a TXAM  |c [1406869] 
090 |a TA455.A7  |b L6 
100 1 |a Lovering, W. R. 
245 1 0 |a Design and control of asphalt mixtures /  |c Institute of Transportation Studies, University of California. 
264 1 |a Berkeley :  |b Institute of Transportation Studies, University of California,  |c 1978. 
300 |a iii, 130 pages : illustrations, charts ;  |c 28 cm. 
336 |a text  |b txt  |2 rdacontent 
337 |a unmediated  |b n  |2 rdamedia 
338 |a volume  |b nc  |2 rdacarrier 
490 1 |a Course notes / University of California, Berkeley. Institute of Transportation Studies ;  |v UCB-ITS-CN-78-3 
504 |a Includes bibliographical references. 
505 0 |a pt.1. Mix design / W.R. Lovering -- pt.2. Mix production, placing and quality control / James Matthews. 
650 0 |a Asphalt concrete  |x Testing. 
650 0 |a Asphalt concrete. 
650 0 |a Asphalt cement. 
700 1 |a Matthews, James. 
830 0 |a Course notes (University of California, Berkeley. Institute of Transportation Studies) ;  |v UCB-ITS-CN-78-3. 
999 |a MARS 
999 f f |s b61de1eb-4b7d-392c-b643-9f52aac37461  |i d5398313-7c71-3df6-a422-0ec5a2654366  |t 0 
952 f f |p ric  |a Texas A&M University  |b Rellis Campus  |c Joint Library Facility  |d Remote Storage  |t 0  |e TA455.A7 L6  |h Library of Congress classification  |i unmediated -- volume  |m A14806242770 
998 f f |a TA455.A7 L6  |t 0  |l Remote Storage